Über unendliche, lineare Puntkmannigfaltigkeiten Arbeiten zur Mengenlehre aus den Jahren 1972-1984

Salvato in:
Dettagli Bibliografici
Autore principale: Cantor, G.
Natura: Libro
Lingua:tedesco
Pubblicazione: Leipzig Teubner 1984
Serie:Teubner - Archiv zur Mathematik
Tags: Aggiungi Tag
Nessun Tag, puoi essere il primo ad aggiungerne!!

MARC

LEADER 00000nam a2200000 4500
001 c109713
005 20230117082151.9
041 0 |a ger 
044 |a DE 
245 1 0 |a Über unendliche, lineare Puntkmannigfaltigkeiten  |b Arbeiten zur Mengenlehre aus den Jahren 1972-1984  |c G. Cantor 
264 1 |a Leipzig  |b Teubner  |c 1984 
300 |a 180 s. 
490 1 |a Teubner - Archiv zur Mathematik 
830 0 |a Teubner - Archiv zur Mathematik 
100 1 |a Cantor, G.